Score 0/25 Timer 08:00
0 Plays Today
Question Answer % Correct
Ralph fail English? That's...Unpossible
70.4%
Ralph performs in the school band with this instrument up his noseFlute
66%
What does Ralph's cat's breath smell like?Cat Food
58.2%
What did the purple berries taste like?Burning
49.8%
Ralph bent his _______ after the diarama contestWookiee
46.6%
What name does Ralph give to Principal Skinner's boss?Super Nintendo Chalmers
42.8%
What did the leprechaun tell Ralph to do?Burn things
41.9%
Ralph plans to attend this university when he grows upBovine University
41.7%
Where did Ralph find a moon rock?In his nose
38.9%
At the school Geography Pageant, Ralph dresses up as this stateIdaho
36.7%
How does Lisa's bad dancing make Ralph's feet feel?Sad
32.8%
After seeing the comic store's adult section, Ralph says that everybody is doing thisHugging
28%
When walking her home on Valentines Day, Ralph asks Lisa if she likes thisStuff
26.8%
Question Answer % Correct
What does Ralph mistake Homer's sensory deprivation tank for, when it washes up on the beach?A whale egg
18.1%
When Ralph grows up he wants to be a principal or a what?Caterpillar
15.2%
When asked 'If you're happy and you know it say a swear' Ralph responds.....Mitten
14.6%
On gym class sign up day, Ralph finds himself in this class...Tethered Swimming
14.3%
Who is Ralph's imaginary character who flies by wagging his tail?Wiggle Puppy
12.1%
What does Ralph call himself after placing an ice cream cone on his head?A unitard
8.1%
How does Ralph describe Lisa's 'chewing gum walk'?Very Wrigley
7.9%
When Springfield Elementary strikes oil, Ralph suggests buying these for the schoolChocolate Microscopes
7.7%
Ralph loves King David because he does what?Kills People
7.5%
In which parts of this body does Ralph get his two 'owwies'?Ear and Neck
6.8%
When Miss Hoover suspects she has Lyme Disease Ralph draws her a picture of thisSpirochete
4.7%
Ralph thinks Homer is the 'bestest' dad after he reads him a story about thisChinese Food
1.8%
Come Together.
Have Fun.
All Virtual.
We all need to come together. Play Sporcle's virtual live trivia to have fun, connect with people, and get your trivia on. Join a live hosted trivia game for your favorite pub trivia experience done virtually. If a virtual private party is more your thing, go here for details.

You're not logged in!

Compare scores with friends on all Sporcle quizzes.
OR
Log In

Sporcle TV

Today on Sporcle TV


Watch our educational content, quiz creation guides, and fun videos on Sporcle TV.

Show Comments

Extras

Top Quizzes Today


Score Distribution

Paid Content

Your Account Isn't Verified!

In order to create a playlist on Sporcle, you need to verify the email address you used during registration. Go to your Sporcle Settings to finish the process.

Report this User

Report this user for behavior that violates our Community Guidelines.

Details: